Personnel outsourcing processes

Outsourcing ako sôsob riadenia obchodných procesov efektívnejšie. Špecifikácia hraničných nákladov alternatívnych činností osobného oddelenia formou výberu a outsourcingu v spoločnosti. Metódy pre kalkuláciu nákladov jednotlivých činností (ABC model), pri ktorých by hraničné náklady jednotlivých či...

Description complète

Enregistré dans:
Détails bibliographiques
Auteur principal: Potkány, Marek
Format: Chapitre de livre
Langue:anglais
Sujets:
Tags: Ajouter un tag
Pas de tags, Soyez le premier à ajouter un tag!

MARC

LEADER 00000naa$a2200000$$$4500
001 0089591
005 20231107072533.5
041 0 |a eng 
044 |a CZ 
245 1 0 |a Personnel outsourcing processes  |c Marek Potkány 
520 |a Outsourcing ako sôsob riadenia obchodných procesov efektívnejšie. Špecifikácia hraničných nákladov alternatívnych činností osobného oddelenia formou výberu a outsourcingu v spoločnosti. Metódy pre kalkuláciu nákladov jednotlivých činností (ABC model), pri ktorých by hraničné náklady jednotlivých činnosti mohli byť odhadnuté. 
610 2 0 |a outsourcing 
610 2 0 |a náklady 
610 2 0 |a kalkulácia nákladov 
610 2 0 |a personalistika 
100 1 |a Potkány, Marek